01017nam a2200241Ia 4500008004100000020001800041022001500059040001300074082001400087100002100101245009200122260004800214300003000262500017000292650004300462650003100505650003000536650003400566990003700600991001100637999001700648952011000665191130s2010##################000#0#eng## a9783110220230 a2010002363 aACLcACL a420.9 SPE aSpeyer, Augustin aTopicalization and stress clash avoidance in the history of Englishcby Augustin Speyer aBerlin ; New YorkbDe Gruyter Moutoncc2010 aix, 286 p. : ill. ; 24 cm aOriginally presented as the author's thesis (doctoral)--Johann Wolfgang Goethe Universität Frankfurt, Germany-2008. Includes bibliographical references and indexes aEnglish language - Grammar, Historical aEnglish language - History aEnglish language - Syntax aEnglish language - Word order afe1c2e5bac10000c403e851a87d8ae74 a386585 c80537d80537 00103hbk4070aACLbACLc4Bd2020-10-09l0o420.9 SPEp344660r2020-10-09 00:00:00w2020-10-09yENGLISH